Sector: Aluminio y sus Manufacturas. 1992. (Registro nro. 8795)
[ vista simple ]
| 000 -CABECERA | |
|---|---|
| campo de control de longitud fija | 00435nam a22001697a 4500 |
| 001 - NÚMERO DE CONTROL | |
| campo de control | T027600007668 |
| 008 - DATOS DE LONGITUD FIJA--INFORMACIÓN GENERAL | |
| campo de control de longitud fija | 181111b xve|||||r|||| 00| | esp d |
| 099 ## - SIGNATURA TOPOGRÁFICA LOCAL | |
| Número de clasificación | IVP-D-04202 |
| Cutter | |
| 100 ## - ENTRADA PRINCIPAL--NOMBRE DE PERSONA | |
| Nombre de persona | COMERCIO EXTERIOR |
| 245 ## - MENCIÓN DE TÍTULO | |
| Título | Sector: Aluminio y sus Manufacturas. 1992. |
| 260 ## - PUBLICACIÓN, DISTRIBUCIÓN, ETC. (PIE DE IMPRENTA) | |
| Lugar de publicación, distribución, etc. | |
| 500 ## - NOTA GENERAL | |
| Nota general | |
| 650 ## - PUNTO DE ACCESO ADICIONAL DE MATERIA--TÉRMINO DE MATERIA | |
| Término de materia o nombre geográfico como elemento inicial | Desarrollo Social--Participación Comunitaria |
| 650 ## - PUNTO DE ACCESO ADICIONAL DE MATERIA--TÉRMINO DE MATERIA | |
| Término de materia o nombre geográfico como elemento inicial | Desarrollo Económico |
| 650 ## - PUNTO DE ACCESO ADICIONAL DE MATERIA--TÉRMINO DE MATERIA | |
| Término de materia o nombre geográfico como elemento inicial | Español. |
| 942 ## - ELEMENTOS DE PUNTO DE ACCESO ADICIONAL (KOHA) | |
| Tipo de ítem Koha | Libro |
| Estado de retiro | Estado de pérdida | Estado dañado | No para préstamo | Código de colección | Localización permanente | Ubicación/localización actual | Ubicación en estantería | Fecha de adquisición | Total de préstamos | Signatura topográfica completa | Código de barras | Fecha visto por última vez | Precio válido a partir de | Tipo de ítem Koha |
|---|---|---|---|---|---|---|---|---|---|---|---|---|---|---|
| IVP | Oscar Varsavsky | Oscar Varsavsky | Caja N° 560 | 13.11.2018 | IVP-D-04202 | T027600007660 | 13.11.2018 | 13.11.2018 | Documento |